Archivística : estudios básicos estudios básicos
ISBN:
84-500-4766-8
Descripción Física:
256 p. ; 22 cm
MARC
| LEADER | 00000nam a2200000Ia 4500 | ||
|---|---|---|---|
| 001 | 13566 | ||
| 008 | 160829s1981 xx 000 0 cat d | ||
| 020 | |a 84-500-4766-8 | ||
| 080 | |a A-2-126 | ||
| 245 | |a Archivística : |b estudios básicos | ||
| 260 | |a Sevilla : |b Diputación Provincial, |c 1981 | ||
| 300 | |a 256 p. ; |c 22 cm | ||
| 590 | |a Bibliografia | ||
| 650 | |a Arxius |9 32990 | ||
| 650 | |a Arxivística |9 36557 | ||
| 710 | 1 | |a Sevilla (Andalusia : Província). |b Diputación |9 56534 | |
| 901 | |a Arxiu | ||
| 942 | |n 1 | ||
| 952 | |0 0 |1 0 |4 0 |6 A2126 |7 1 |9 46365 |a Arxiu |b Arxiu |d 2016-12-01 |l 0 |o A-2-126 |p 13566 |r 2016-12-01 00:00:00 |w 2016-12-01 |y ARXIU | ||
| 999 | |c 50150 |d 50150 | ||